000 01112nam a2200313 i 4500
001 17423
003 ES-MaACL
005 20250818063034.0
007 t|
008 010305s1996 sp ||||1| spa d
017 _aB 43762-1996
_bOficina Depósito Legal Barcelona
020 _a8434411660
040 _cES-MaACL
080 _a316.324.7
100 1 _aChomsky, Noam,
_d1928-
_938607
_eaut
245 1 0 _aPolítica y cultura a finales del siglo XX :
_bun panorama de las actuales tendencias /
_cNoam Chomsky ; prólogo de Josep-Maria Terricabras.
250 _aSegunda edición
260 _aBarcelona :
_bAriel,
_c1996.
300 _a122 páginas ;
_c21 cm.
504 _aBibliografía: p. [117]-122.
650 1 4 _aSociedad postindustrial
_917176
700 0 _aTerricabras, Josep-Maria
_9109789
_eaui
700 1 _aÁlvarez Flórez, José Manuel
_920809
_etrl
852 _aES-MaACL
_jL-24388
_bR.129503
_917919
_cDEPO2
_xEncuadernación rústica con solapas
942 _cMONOGRAFIA
_n0
999 _c17423
_d17423